000 00451nam a2200181Ia 4500
001 7968
005 20260306160534.0
008 260306t2010||||xx |||||||||||||| ||spa||
041 _aESP
082 _a364.24
_bS52
100 _aSierra, Juan Carlos
_eAUT
245 0 _aPsicología forense:
_bmanual de técnicas y aplicaciones
260 _c2010
300 _a663 páginas :
_c24 cm.
650 _aGEN
654 _aCPS
942 _cLIB
_dJUS
_fJUS
_2ddc
_n
999 _c7968
_d7968